banner-ar

COPTICS IN EGYPTIAN POLITICS 1919-1952 / (Record no. 20512)

MARC details
000 -الفاتح
حقل البيانات ثابتة الطول 00637nam a2200241Ia 4500
008 - عناصر البيانات ثابتة الطول - معلومات عامة
حقل البيانات ثابتة الطول 140319s9999 xx 000 0 eng d
040 ## - مصدر الفهرسة
وكالة الفهرسة الأصلية GCL /
وكالة النسخ GCL
082 04 - رقم تصنيف ديوى العشرى
رقم التصنيف CC
رقم المادة 322.1
-- E C
100 1# - المدخل الرئيسى - إسم شخصى
الإسم الشخصى EL-FEKI, MOUSTAFA
245 10 - بيان العنوان
العنوان COPTICS IN EGYPTIAN POLITICS 1919-1952 /
بيان المسئوليه,etc EL-FEKI, MOUSTAFA
260 ## - PUBLICATION, DISTRIBUTION, ETC. (IMPRINT)
تاريخ النشر أو التوزيع 1991
300 ## - الوصف المادى
التعداد 210 P
650 04 - المدخل الاضافى بالموضوع-مصطلح موضوعى
مصطلح موضوعي HISTORY
650 04 - المدخل الاضافى بالموضوع-مصطلح موضوعى
مصطلح موضوعي MODERN EGYPT
650 04 - المدخل الاضافى بالموضوع-مصطلح موضوعى
مصطلح موضوعي COPTS
650 04 - المدخل الاضافى بالموضوع-مصطلح موضوعى
مصطلح موضوعي EGYPTIAN SOCIETY
650 04 - المدخل الاضافى بالموضوع-مصطلح موضوعى
مصطلح موضوعي REVOLUTION 1919
650 04 - المدخل الاضافى بالموضوع-مصطلح موضوعى
مصطلح موضوعي POLICY
650 04 - المدخل الاضافى بالموضوع-مصطلح موضوعى
مصطلح موضوعي EGYPT - RELIGION
650 04 - المدخل الاضافى بالموضوع-مصطلح موضوعى
مصطلح موضوعي REVOLUTION 1952
942 ## - عناصر المدخل الإضافي( كوها)
مصدر التصنيف او مخطط الترفيف Dewey Decimal Classification
Koha [default] item type كتاب
260 ## - PUBLICATION, DISTRIBUTION, ETC. (IMPRINT)
-- [S.N] :
-- GENERAL EGYPTIAN BOOK ORGANITION ،
Holdings
حالة التراجع حالة الفقد حالة تلف ليس للاعارة المكان المؤقت الموقع الحالى تاريخ الاكتساب اجمالي اﻻعارات رقم الطلب الباركود تاريخ اخر مشاهدة تاريخ تفعيل السعر نوع وعاء كوها
        مكتبة القاهرة الكبرى مكتبة القاهرة الكبرى 03/26/2014   CC\322.1\E C 38434 03/26/2014 03/26/2014 كتاب

Powered By

EGPV